Statistics for Cartoons: Asterix

Click here to take the quiz!

General Stats

  • This quiz has been taken 5 times
  • The average score is 16 of 38

Answer Stats

Volume n:oName% Correct
8Asterix in Britain
100%
1Asterix the Gaul
100%
15Asterix and the Roman Agent
75%
12Asterix at the Olympic Games
75%
14Asterix in Spain
75%
16Asterix in Switzerland
75%
4Asterix the Gladiator
75%
17The Mansions of the Gods
75%
6Asterix and Cleopatra
50%
5Asterix and the Banquet
50%
7Asterix and the Big Fight
50%
26Asterix and the Black Gold
50%
3Asterix and the Goths
50%
25Asterix and the Great Divide
50%
28Asterix and the Magic Carpet
50%
9Asterix and the Normans
50%
35Asterix and the Picts
50%
24Asterix in Belgium
50%
20Asterix in Corsica
50%
23Obelix and Co.
50%
21Asterix and Caesar's Gift
25%
30Asterix and Obelix All at Sea
25%
34Asterix and Obelix's Birthday: The Golden Book
25%
27Asterix and Son
25%
13Asterix and the Cauldron
25%
37Asterix and the Chariot Race
25%
11Asterix and the Chieftain's Shield
25%
33Asterix and the Falling Sky
25%
2Asterix and the Golden Sickle
25%
22Asterix and the Great Crossing
25%
29Asterix and the Secret Weapon
25%
19Asterix and the Soothsayer
25%
10Asterix the Legionary
25%
31Asterix and the Actress
0%
38Asterix and the Chieftain's Daughter
0%
32Asterix and the Class Act
0%
18Asterix and the Laurel Wreath
0%
36Asterix and the Missing Scroll
0%

Score Distribution

Percentile by Number Answered

Percent of People with Each Score

Your Score History

You have not taken this quiz